Music Quiz

Random Music or Song Quiz

Lauren Alaina Songs Quiz Stats

 Plays Quiz not verified by Sporcle

Challenge
Share
Tweet
Embed
Score 0/25 Timer 10:00
0 Plays Today
Opening Lyric Song % Correct
Way beyond the city lights, lies a cowboy's paradise, honeysuckle on the vine, growing up on southern timeGeorgia Peaches
89%
People say, I have a laugh, like my mother does. Guess that makes sense, she taught me how to smile, when things get rough.Like My Mother Does
86.8%
If I die young, bury me in satin, lay me down on a bed of roses, sink me in the river, at dawn, send me away with the words of a love song.If I Die Young
83.5%
Brothers in the backyard playing in the dirt, Mama's in the kitchen in an old T-shirt. Daddy's diesel coming up the street, and she's in her bedroom growing her wings.Growing Her Wings
79.1%
It's about 1500 miles to California, they'll get there Friday if they leave tonight.Eighteen Inches
78%
I'm flat on the floor with my head down low, where the sky can't rain on me anymore. Don't knock on my door 'cause I won't come, I'm hiding from the storm till the damage gets doneFlat on the floor
76.9%
Let the light shine, on my Mama, she's been worried about me and I can tell she's tired.Dirt Road Prayer
75.8%
You pull up in that jacked up ride, open the door on the passenger side, there's a lot of girls who'd want to climb inside but I'm not one of them.I'm Not One of Them
74.7%
Back in '41, you met a brown eyed boy, who called you pretty.The Locket
74.7%
Any man of mine better be proud of me, even when I'm ugly he still better love me.Any Man of Mine
73.6%
I can almost see it, that dream I'm dreaming, but there's a voice inside my head saying, you'll never reach it.The Climb
67%
Picked a wildflower off the side of the road, and put in my hair. Two bare feet up on the dashboard, hands are waving through the summer air. Tupelo
63.7%
She was the kinda girl who never quite fit in, holes in her shoes and freckles on her skin.She's a Wildflower
62.6%
Opening Lyric Song % Correct
You used to want me, but I didn't want you. And now I want you oh, but you don't want me yeah.Funny Thing About Love
60.4%
I get this feeling every year, the first days of winter. The Middle
60.4%
You can spend your whole life building, something from nothing. One storm can come and blow it all away.Anyway
59.3%
I got a little picture, painted in my mind, of that special, not so perfect guy my heart wants me to find.One of Those Boys
58.2%
If you're looking for trouble, you came to the right place. If you're lookin' for trouble, just take a look at my face.Trouble
50.5%
I've been telling my dreams to a scarecrow, about the places that I'd like to see. I said 'friend do you think I'll ever get there?' ah but he just stands there smiling back at me.Born to Fly
48.4%
Goodbye, Norma Jean, though I never knew you at all you had the grace to hold yourself, while those around you crawl.Candle in the Wind
45.1%
Oh, my love, my darling, I've hungered for your touch alone, lonely time.Unchained Melody
35.2%
Please baby can't you see, my mind's a burning flame, I got razors a rippin' and tearin' and strippin', my heart is getting played. I'm the Only One
31.9%
Set me free why don't you babe, get out my life why don't you baby. Cause you don't really love me, you just keep me hangin on.You Keep Me Hangin' On
31.9%
Wanting you the way I do, I only want to be with you. And I would go to the end of the Earth 'cause darling, to me that's what your worth.Where You Lead
26.4%
Lookin out on the mornin rain, I used to feel so uninspired.(You make me feel like a) Natural Woman
5.5%

You're not logged in!

Compare scores with friends on all Sporcle quizzes.
OR
Log In

You Might Also Like...

Show Comments

Extras

Created Jan 22, 2012ReportNominate
Tags:Song Quiz, lauren

Top Quizzes Today


Score Distribution

Your Account Isn't Verified!

In order to create a playlist on Sporcle, you need to verify the email address you used during registration. Go to your Sporcle Settings to finish the process.

Report this User

Report this user for behavior that violates our Community Guidelines.

Details: